| 000 | 00733nam a2200217 a 4500 | ||
|---|---|---|---|
| 001 | 000017837 | ||
| 005 | 20200929165241.0 | ||
| 008 | 100406s1997 sp 000 0 spa d | ||
| 020 | _a8400076796 | ||
| 040 | _aDO-SdBNP | ||
| 082 |
_axxx _bC198a |
||
| 100 | 1 |
_aCampos Marín, Ricardo _938738 |
|
| 245 | 1 | 0 |
_aAlcoholismo, medicina y sociedad en España (1876-1923) / _cRicardo Campos Marín. |
| 260 |
_aMadrid : _bConsejo Superior de Investigaciones Científicas, _c1997. |
||
| 300 |
_a303 p. ; _c21 cm. |
||
| 490 | 1 |
_aEstudio sobre la ciencia ; _v23 ; |
|
| 504 | _aBibliografía p: 291-303 | ||
| 500 | _aIncluye notas al pie de las páginas | ||
| 590 | _aInventariado, 2019/ YL | ||
| 830 | 0 |
_aEstudios sobre la ciencia _v23 _938739 |
|
| 999 |
_c17361 _d17361 |
||